MLB Last Playoff Win Lineups - Statistics

General Stats
  • This quiz has been taken 46 times
  • The average score is 137 of 270
Answer Stats
Team Pos Player % Correct
NYY 2 RF Aaron Judge
96%
LAA 4 DH Vladimir Guerrero
96%
TOR 2 1B Vladimir Guerrero Jr.
96%
TOR 4 C Alejandro Kirk
89%
BOS 3 3B Alex Bregman
89%
HOU 3 3B Alex Bregman
89%
PHI 3 1B Bryce Harper
89%
NYY 6 2B Jazz Chisholm Jr.
89%
TOR 3 DH Bo Bichette
86%
TEX 2 SS Corey Seager
86%
CLE 3 3B Jose Ramirez
86%
SEA 1 CF Julio Rodriguez
86%
PHI 1 SS Trea Turner
86%
WAS 1 SS Trea Turner
86%
NYY 8 SS Anthony Volpe
82%
NYY 9 C Austin Wells
82%
LAA 2 RF Bobby Abreu
82%
NYY 3 LF Cody Bellinger
82%
SD 1 RF Fernando Tatis Jr.
82%
CHW 3 1B Jose Abreu
82%
HOU 5 1B Jose Abreu
82%
PHI 2 DH Kyle Schwarber
82%
HOU 6 RF Kyle Tucker
82%
CHC 3 DH Kyle Tucker
82%
CHW 8 RF Leury Garcia
82%
KC 1 3B Maikel Garcia
82%
BAL 9 3B Manny Machado
82%
SD 3 3B Manny Machado
82%
TEX 1 2B Marcus Semien
82%
OAK 1 SS Marcus Semien
82%
LAD 1 DH Shohei Ohtani
82%
NYY 1 CF Trent Grisham
82%
BOS 2 SS Trevor Story
82%
COL 4 SS Trevor Story
82%
LAD 2 C Will Smith
82%
PHI 4 3B Alec Bohm
79%
KC 2 SS Bobby Witt Jr.
79%
TB 3 2B Brandon Lowe
79%
PHI 9 2B Bryson Stott
79%
SEA 2 C Cal Raleigh
79%
CHW 9 2B Cesar Hernandez
79%
TOR 5 CF Daulton Varsho
79%
LAD 8 LF Enrique Hernandez
79%
NYY 5 DH Giancarlo Stanton
79%
SD 4 CF Jackson Merrill
79%
HOU 1 2B Jose Altuve
79%
PHI 6 C J.T. Realmuto
79%
CHW 2 CF Luis Robert Jr.
79%
OAK 5 1B Matt Olson
79%
ATL 4 1B Matt Olson
79%
TEX 6 1B Nathaniel Lowe
79%
CHC 7 CF Pete Crow-Armstrong
79%
CHC 4 RF Seiya Suzuki
79%
LAD 6 RF Teoscar Hernandez
79%
BAL 4 CF Adam Jones
75%
TOR 9 SS Andres Gimenez
75%
NYY 4 1B Ben Rice
75%
PHI 5 CF Brandon Marsh
75%
MIA 4 3B Brian Anderson
75%
MIN 4 SS Carlos Correa
75%
ARI 2 RF Corbin Carroll
75%
CHC 8 SS Dansby Swanson
75%
SEA 6 3B Eugenio Suarez
75%
LAD 3 1B Freddie Freeman
75%
BOS 7 LF Jarren Duran
75%
MIN 2 2B Jorge Polanco
75%
SEA 3 DH Jorge Polanco
75%
DET 1 RF Kerry Carpenter
75%
ARI 1 2B Ketel Marte
75%
ATL 5 DH Marcell Ozuna
75%
STL 7 DH Matt Carpenter
75%
ATL 2 2B Ozzie Albies
75%
STL 3 1B Paul Goldschmidt
75%
ATL 1 RF Ronald Acuna Jr.
75%
KC 4 C Salvador Perez
75%
NYM 6 RF Starling Marte
75%
PIT 1 LF Starling Marte
75%
CHW 1 SS Tim Anderson
75%
WAS 3 3B Anthony Rendon
71%
ATL 3 3B Austin Riley
71%
CLE 5 C Bo Naylor
71%
SF 4 SS Brandon Crawford
71%
TOR 6 3B Ernie Clement
71%
NYM 1 SS Francisco Lindor
71%
HOU 8 SS Jeremy Pena
71%
CIN 3 1B Joey Votto
71%
SEA 4 1B Josh Naylor
71%
SEA 7 SS J.P. Crawford
71%
LAD 5 3B Max Muncy
71%
ATL 9 CF Michael Harris II
71%
LAD 4 SS Mookie Betts
71%
MIL 3 C William Contreras
71%
TB 5 3B Yandy Diaz
71%
HOU 4 DH Yordan Alvarez
71%
ARI 4 1B Christian Walker
68%
MIL 4 DH Christian Yelich
68%
NYM 9 C Francisco Alvarez
68%
DET 9 SS Javier Baez
68%
PIT 2 2B Neil Walker
68%
CHC 2 2B Nico Hoerner
68%
COL 3 3B Nolan Arenado
68%
PIT 6 3B Pedro Alvarez
68%
TB 1 LF Randy Arozarena
68%
SEA 5 LF Randy Arozarena
68%
NYY 7 3B Ryan McMahon
68%
CLE 1 LF Steven Kwan
68%
PIT 3 CF Andrew McCutchen
64%
MIL 2 2B Brice Turang
64%
BAL 3 RF Chris Davis
64%
MIL 1 LF Jackson Chourio
64%
TEX 7 C Jonah Heim
64%
TEX 5 3B Josh Jung
64%
WAS 4 LF Juan Soto
64%
OAK 4 DH Khris Davis
64%
SD 2 1B Luis Arraez
64%
CHC 1 1B Michael Busch
64%
PHI 8 RF Nick Castellanos
64%
KC 3 DH Vinnie Pasquantino
64%
CHW 6 3B Yoan Moncada
64%
TOR 7 RF Addison Barger
61%
NYM 2 LF Brandon Nimmo
61%
SF 3 C Buster Posey
61%
TEX 3 LF Evan Carter
61%
ARI 3 C Gabriel Moreno
61%
ARI 9 SS Geraldo Perdomo
61%
DET 2 2B Gleyber Torres
61%
MIA 7 SS Miguel Rojas
61%
LAD 9 2B Miguel Rojas
61%
NYM 4 1B Pete Alonso
61%
DET 4 LF Riley Greene
61%
SD 5 SS Xander Bogaerts
61%
CHW 5 LF Eloy Jimenez
57%
CHC 9 3B Matt Shaw
57%
BOS 4 1B Romy Gonzalez
57%
DET 5 1B Spencer Torkelson
57%
CHW 4 C Yasmani Grandal
57%
ARI 7 CF Alek Thomas
54%
CIN 1 2B Brandon Phillips
54%
MIL 9 SS Joey Ortiz
54%
MIN 8 RF Max Kepler
54%
PHI 7 LF Max Kepler
54%
TB 2 SS Wander Franco
54%
CLE 9 2B Brayan Rocchio
50%
CHC 6 C Carson Kelly
50%
BOS 8 CF Ceddanne Rafaela
50%
SF 7 3B Evan Longoria
50%
ARI 8 3B Evan Longoria
50%
CHC 5 LF Ian Happ
50%
SD 8 2B Jake Cronenworth
50%
NYM 8 2B Jeff McNeil
50%
ARI 6 LF Lourdes Gurriel Jr.
50%
NYM 3 3B Mark Vientos
50%
MIN 9 CF Michael A. Taylor
50%
TB 4 DH Nelson Cruz
50%
PIT 7 C Russell Martin
50%
MIL 6 RF Sal Frelick
50%
OAK 9 C Sean Murphy
50%
NYM 7 CF Tyrone Taylor
50%
STL 5 C Yadier Molina
50%
KC 5 1B Yuli Gurriel
50%
MIL 5 1B Andrew Vaughn
46%
BOS 5 C Carlos Narvaez
46%
COL 1 CF Charlie Blackmon
46%
TOR 1 LF Davis Schneider
46%
WAS 7 1B Ryan Zimmerman
46%
STL 2 3B Tommy Edman
46%
LAD 7 CF Tommy Edman
46%
ATL 6 C Travis d'Arnaud
46%
HOU 7 LF Chas McCormick
43%
DET 7 C Dillon Dingler
43%
SEA 8 RF Dominic Canzone
43%
STL 9 CF Harrison Bader
43%
ATL 8 SS Orlando Arcia
43%
DET 8 CF Parker Meadows
43%
MIN 3 DH Royce Lewis
43%
MIN 5 C Ryan Jeffers
39%
TOR 8 2B Isiah Kiner-Falefa
36%
SF 5 1B Kris Bryant
36%
CLE 4 DH Kyle Manzardo
36%
HOU 9 C Martin Maldonado
36%
SF 2 RF Mike Yastrzemski
36%
DET 6 3B Zach McKinstry
36%
WAS 2 RF Adam Eaton
32%
ATL 7 LF Eddie Rosario
32%
CHW 7 DH Gavin Sheets
32%
SD 7 LF Gavin Sheets
32%
WAS 5 DH Howie Kendrick
32%
BAL 2 SS J.J. Hardy
32%
TB 9 CF Kevin Kiermaier
32%
STL 1 2B Kolten Wong
32%
BOS 6 RF Nate Eaton
32%
WAS 9 CF Victor Robles
32%
WAS 8 C Yan Gomes
32%
WAS 6 2B Asdrubal Cabrera
29%
MIL 7 3B Caleb Durbin
29%
COL 2 2B D.J. LeMahieu
29%
CLE 6 SS Gabriel Arias
29%
BAL 7 1B Mark Reynolds
29%
OAK 8 CF Ramon Laureano
29%
SD 6 DH Ryan O'Hearn
29%
MIL 8 CF Blake Perkins
25%
COL 9 P Kyle Freeland
25%
SF 6 LF LaMonte Wade Jr.
25%
TEX 8 CF Leody Taveras
25%
HOU 2 CF Mauricio Dubon
25%
TEX 4 DH Mitch Garver
25%
MIN 6 LF Willi Castro
25%
SF 9 P Alex Wood
21%
CLE 7 CF Chase DeLauter
21%
DET 3 DH Colt Keith
21%
MIN 1 1B Donovan Solano
21%
SD 9 C Freddy Fermin
21%
NYM 5 DH Jesse Winker
21%
SEA 9 2B Leo Rivas
21%
TB 7 RF Manuel Margot
21%
COL 5 LF Matt Holliday
21%
BAL 5 C Matt Wieters
21%
KC 6 2B Michael Massey
21%
STL 6 SS Paul DeJong
21%
BOS 1 DH Rob Refsnyder
21%
KC 7 LF Tommy Pham
21%
ARI 5 DH Tommy Pham
21%
KC 8 RF Hunter Renfroe
18%
TB 8 C Mike Zunino
18%
OAK 2 2B Tommy La Stella
18%
SF 1 2B Tommy La Stella
18%
CIN 2 SS Zack Cozart
18%
STL 8 RF Dexter Fowler
14%
CIN 5 RF Jay Bruce
14%
PIT 4 1B Justin Morneau
14%
OAK 7 RF Stephen Piscotty
14%
TEX 9 RF Travis Jankowski
14%
OAK 3 3B Chad Pinder
11%
COL 7 RF David Dahl
11%
STL 4 LF Dylan Carlson
11%
MIA 5 1B Garrett Cooper
11%
CLE 2 RF George Valera
11%
COL 6 1B Ian Desmond
11%
MIA 3 DH Jesus Aguilar
11%
CIN 6 3B Scott Rolen
11%
SF 8 CF Steven Duggar
11%
LAA 3 CF Torii Hunter
11%
CIN 9 P Bronson Arroyo
7%
LAA 1 3B Chone Figgins
7%
MIA 1 LF Corey Dickerson
7%
PIT 9 P Francisco Liriano
7%
TB 6 1B Jordan Luplow
7%
LAA 7 LF Juan Rivera
7%
LAA 5 1B Kendrys Morales
7%
MIN 7 3B Kyle Farmer
7%
OAK 6 LF Mark Canha
7%
MIA 9 C Chad Wallach
4%
COL 8 C Chris Iannetta
4%
CLE 8 1B C.J. Kayfus
4%
PIT 8 SS Clint Barmes
4%
LAA 9 SS Erick Aybar
4%
KC 9 CF Garrett Hampson
4%
BAL 6 DH Jim Thome
4%
MIA 2 2B Jon Berti
4%
MIA 8 CF Magneuris Sierra
4%
PIT 5 RF Marlon Byrd
4%
MIA 6 RF Matt Joyce
4%
BAL 1 LF Nate McLouth
4%
BOS 9 2B Nick Sogard
4%
BAL 8 2B Ryan Flaherty
4%
CIN 7 C Ryan Hanigan
4%
CIN 4 LF Ryan Ludwick
4%
CIN 8 CF Drew Stubbs
0%
LAA 8 C Jeff Mathis
0%
LAA 6 2B Maicer Izturis
0%
No matching quizzes found
Score Distribution
Percent of People with Each Score
Percentile by Number Answered
Your Score History
You have not taken this quiz